| 000 | 00365nam a2200157Ia 4500 | ||
|---|---|---|---|
| 008 | 230524s9999 xx 000 0 und d | ||
| 082 |
_a612 _bARO |
||
| 100 |
_aMohan P.Arora _923854 |
||
| 245 | 0 | _aBiophysics | |
| 250 | _a1ST | ||
| 260 |
_aNEW DELHI _bHimalayan _c2004 |
||
| 300 | _aIX;378 | ||
| 500 | _aQuantity Number: 1 | ||
| 650 | _aBiomedical | ||
| 942 | _cBK | ||
| 999 |
_c35326 _d35326 |
||